Exportní možnosti čs. gramofonového průmyslu

Enregistré dans:
Détails bibliographiques
Auteur principal: Arbes, Karel
Format: Livre
Langue:tchèque
Publié: Praha Ústav pro informační systémy v kultuře 1989
Édition:1. vyd.
Tags: Ajouter un tag
Pas de tags, Soyez le premier à ajouter un tag!

MARC

LEADER 00000nam a2200000 4500
001 c032721
005 20251111083545.5
041 0 |a cze 
044 |a CZ 
245 1 0 |a Exportní možnosti čs. gramofonového průmyslu  |c Karel Arbes 
250 |a 1. vyd. 
264 1 |a Praha  |b Ústav pro informační systémy v kultuře  |c 1989 
300 |a 180 s. 
100 1 |a Arbes, Karel